Tejeduria artesanal, manual (Record no. 10193)

MARC details
000 -CABECERA
campo de control de longitud fija 00893nam a2200265 a 4500
001 - NÚMERO DE CONTROL
campo de control BRL_1382
005 - FECHA Y HORA DE LA ÚLTIMA TRANSACCIÓN
campo de control 20190320211157.0
008 - DATOS DE LONGITUD FIJA--INFORMACIÓN GENERAL
campo de control de longitud fija 090114s1982----gt-ao#####---#000-0#esp-#
041 ## - CÓDIGO DE LENGUA
Código de lengua del texto/banda sonora o título independiente esp
044 ## - CÓDIGO DEL PAÍS DE LA ENTIDAD EDITORA/PRODUCTORA
Código MARC del país gt
050 #4 - SIGNATURA TOPOGRÁFICA DE LA BIBLIOTECA DEL CONGRESO
Número de clasificación TT848
Número de documento/Ítem .L67 1982
100 1# - ENTRADA PRINCIPAL--NOMBRE DE PERSONA
Nombre de persona López López, Agustín
9 (RLIN) 26710
245 10 - MENCIÓN DE TÍTULO
Título Tejeduria artesanal, manual
Mención de responsabilidad, etc. Agustín López López.
260 ## - PUBLICACIÓN, DISTRIBUCIÓN, ETC.
Lugar de publicación, distribución, etc. Guatemala
Nombre del editor, distribuidor, etc. Sub-Centro Regional de Artesanías y Artes Populares
Fecha de publicación, distribución, etc. 1982
300 ## - DESCRIPCIÓN FÍSICA
Extensión xi,162 p.
Otras características físicas il. (algunas a color), fotografías
Dimensiones 21 cm.
440 #0 - MENCIÓN DE SERIE/PUNTO DE ACCESO ADICIONAL--TÍTULO
Título Colección Tierra Adentro
Designación de volumen o secuencia 2
9 (RLIN) 26711
500 ## - NOTA GENERAL
Nota general Au1602
500 ## - NOTA GENERAL
Nota general Incluye dedicatoria a Ruth Lechuga
504 ## - NOTA DE BIBLIOGRAFÍA, ETC.
Nota de bibliografía, etc. Biliografía: p. 162-163
650 14 - PUNTO DE ACCESO ADICIONAL DE MATERIA--TÉRMINO DE MATERIA
Término de materia o nombre geográfico como elemento de entrada Tejeduría
Subdivisión geográfica Guatemala
9 (RLIN) 26712
650 14 - PUNTO DE ACCESO ADICIONAL DE MATERIA--TÉRMINO DE MATERIA
Término de materia o nombre geográfico como elemento de entrada Tejido a mano
Subdivisión geográfica Guatemala
9 (RLIN) 26533
710 2# - PUNTO DE ACCESO ADICIONAL--NOMBRE DE ENTIDAD CORPORATIVA
Nombre de entidad corporativa o nombre de jurisdicción como elemento de entrada Sub-centro Regional De Artesania Y Artes Populares (guatemala)
9 (RLIN) 26713
902 ## - CATALOGADOR
Iniciales GRL
942 ## - ELEMENTOS DE PUNTO DE ACCESO ADICIONAL (KOHA)
Fuente del sistema de clasificación o colocación Library of Congress Classification
Tipo de ítem Koha Libros
Holdings
Estado de retiro Estado de pérdida Estado dañado No para préstamo Localización permanente Ubicación/localización actual Fecha de adquisición Número de inventario Total de préstamos Signatura topográfica completa Código de barras Fecha visto por última vez Precio válido a partir de Tipo de ítem Koha
El ejemplar forma parte de la colección y puede ser consultado según las políticas vigentes.       Biblioteca Centro de Estudios Ruth D. Lechuga Biblioteca Centro de Estudios Ruth D. Lechuga 09/01/2014 Au1602   TT848 .L67 1982 (Au1602) GRL01540 22/03/2019 22/03/2019 Libros